| 000 | 00841nas a2200253 4500 | ||
|---|---|---|---|
| 001 | BR9001333 | ||
| 003 | BR-BrBNA | ||
| 005 | 20231205091836.0 | ||
| 007 | ta | ||
| 008 | 230509b bl.|||p| |||| 00| 00por d | ||
| 040 |
_aBR-BrBNA _bpor _cBiblioteca Nacional de Agricultura |
||
| 041 | _a(Pt) | ||
| 072 | _aL70; L73 | ||
| 100 | 1 | _aResende, J.S. de | |
| 100 | 1 | _aJorge, M.A. | |
| 100 | 1 | _aOliveira, R.L. de | |
| 245 | 1 | _aVacinacao unica contra a doenca de newcastle em galinhas expostas ao virus da doenca de Gumboro: 1. avaliacao preliminar em pintos SPF | |
| 650 | _aGALINHA | ||
| 650 | _aVACINA | ||
| 650 | _aNEWCASTLE | ||
| 773 | 0 |
_tArquivo Brasileiro de Medicina Veterinaria e Zootecnia (Brazil) _xISSN 0102-0935 _g(Dec 1987), v. 39(6) p. 919-932 _wBR9001333 |
|
| 909 |
_a202311 _bLúcia _c55 _dLúcia Elande |
||
| 942 |
_2AGRIS _n0 _cANA |
||
| 999 |
_c127684 _d127684 |
||